000
00285nam a22001337a 4500
008
170807b xxu||||| |||| 00| 0 eng d
020
_a
9780619062699
041
_a
eng
080
_2
5TH
_a
004
100
_a
34
101
_a
SHKI
245
_a
DATABASE SYSTEMS
_c
ROB
942
_2
udc
_c
BK
999
_c
22818
_d
22818